Регионална библиотека "Любен Каравелов" - Русе

Лиса планина (Запис номер 120290)

MARC детайли
000 -Лидер
Контролно поле с фиксирана дължина 01605nam a2200385 c 4500
003 - Код на организацията, давaща контролен номер
Контролно поле BLK
005 - Дата и час на последна редакция
Контролно поле 20180420231448.0
008 - Елементи от данни с фиксирана дължина
fixed length control field 180409b bul|||||r ||||||| ||bul||
010 ## - Наследен системен номер
LC control number KNG00125906000
040 ## - Източник на каталожния запис
Идентификатор на билиотеката - собственик на записа BLK
041 ## - Код за език
Код за езика на текст/звукозапис или на отделно заглавие Български
Код за езика КДБФ Български
080 ## - УДК
Текстов определител УДК География на България
УДК код - определител по УДК 913(497.2)
УДК определител (234.423.4)(036)
УДК - код + определител 913(497.2)(234.423.4)(036)
100 1# - Редна дума - Автор
Автор Андреев, Александър Харалампиев
Авторска отговорност първи автор
R(LIN) 296534
139 ## - Редно поле
Редна дума Андреев, Александър Харалампиев
Авторски знак Андр - А 66
245 10 - Сведения за заглавието
Заглавие Лиса планина
Подзаглавни данни Турист. маршрути
Редно поле (дума) Александър Харалампиев Андреев.
257 ## - Страна на издаване
Страна на създаване/издаване България
260 ## - Област на издателските данни
-- София
Име на издателя, разпространителя и проч. Медицина и физкултура
Година на издаване 1976
Печатница Пловдив : Д. Благоев
300 ## - Физическа характеристика
Страници 60 с.
Илюстрации и др. с ил., к.
Размери/Мащаб 19 см
380 ## - Жанр
Жанр География
490 1# - СЕРИИ (Колекции)
Име на серия Малка туристическа библиотека
650 #4 - Допълнително описание по предмет – тема
Основно описание – тема или топоним Планини - България
9 (RLIN) 261565
650 #4 - Допълнително описание по предмет – тема
Основно описание – тема или топоним Туризъм - България - маршрути
9 (RLIN) 296535
651 #4 - Допълнително описание по предмет - топоним
Географско понятие Лиса планина
9 (RLIN) 179140
651 #4 - Допълнително описание по предмет - топоним
Географско понятие Стара планина
9 (RLIN) 249743
651 #4 - Допълнително описание по предмет - топоним
Географско понятие България
9 (RLIN) 241624
653 ## - Ключова дума – ненормативна
Ключова дума Лиса планина
653 ## - Ключова дума – ненормативна
Ключова дума планини
653 ## - Ключова дума – ненормативна
Ключова дума туристически маршрути
653 ## - Ключова дума – ненормативна
Ключова дума туристически дестинации
852 ## - Местоположение
Форматна сигнатура Цб І 14867
856 4# - Електронен адрес и достъп
Електронен формат pdf - файл
Път до файла /url/
856 4# - Електронен адрес и достъп
Електронен формат pdf - файл
Път до файла /url/
942 ## - АРТИКУЛИ
Вид на библиотечния материал Книги
Скрит в OPAC Не
944 ## - СЪЗДАВАНЕ И РЕДАКЦИЯ на ЗАПИСА
Създаване/Редакция Създаване
Дата на регистрацията/редакция 11.10.2011
Статус, дата на статуса 11.10.2011 - от С1,Р / 11.10.2011
Служител, извършил регистрацията/редакцията Виолета_Тройчева
944 ## - СЪЗДАВАНЕ И РЕДАКЦИЯ на ЗАПИСА
Създаване/Редакция Редакция
Дата на регистрацията/редакция 11.10.2011
Статус, дата на статуса 11.10.2011 - от С1,Р / 11.10.2011
Служител, извършил регистрацията/редакцията
999 ## - СИСТЕМНИ КОНТРОЛНИ НОМЕРА
Koha biblionumber 120290
Koha biblioitemnumber 120290
Наличности
Код за отписване Код за изгубен артикул Източник на класификационната схема Код за повреда Коз за рестрикции Код за отдаване Артикулен № Име на библиотеката - собственик Име на библиотеката, в която се намира в момента Статус (Текущо местоположение) Дата на вписване в системата Местоположение - отдел Цена в лева Инвентарен номер Систематично азбучна сигнатура Баркод Номер на екземпляра Цена в евро Служебна бележка Служебен тип на артикула Бележка за публиката
  Не е изгубен Universal Decimal Classification Не е повреден само за читалня ползва се в читалня 194267 Регионална библиотека "Любен Каравелов" Русе Регионална библиотека "Любен Каравелов" Русе Хранилище 1976-01-01 Хранилище 0.18 204474 Цб І 14867 120000204474 1 0.09 Дост: Dp Вид: Д N: стар фонд Дата: 01.01.1976 Книги  
Изтеглен Не е изгубен Universal Decimal Classification Не е повреден без рестрикции заемане за дома 194268 Регионална библиотека "Любен Каравелов" Русе Регионална библиотека "Любен Каравелов" Русе Заемна - подръчен фонд 1976-01-01 Заемна - подръчен фонд 0.18 209669 П 914.972/А 66 209669 2 0.09 Дост: Pk Вид: Ф N: стар фонд Дата: 01.01.1976 Дата инв: 15.02.2018 Бележки инв: П2018 Книги  
Изтеглен Не е изгубен   Не е повреден без рестрикции заемане за дома 194269 Регионална библиотека "Любен Каравелов" Русе Регионална библиотека "Любен Каравелов" Русе   1976-01-01 Заемна - подръчен фонд 0.18 209671 П 914.972/А 66 209671 3 0.09 Дост: Pk Вид: Ф N: стар фонд Дата: 01.01.1976 Книги Отч.N: 31/2018 , Дата: 28.03.2018
Vip Innovations Ltd, Rousse, Bulgaria 2025